000 00540nam a2200229Ia 4500
003 0100
008 130303s9999 xx 000 0 und d
020 _a0385012926
040 _cARRUPELIB
050 _aB317.V55 1980
245 4 _aThe philosophy of Socrates
245 _ba collection of critical essays
260 _aNew York
260 _bDoubleday Anchor Books
260 _C1980
300 _a354p.
300 _b 18cm
650 _aPHILOSOPHY
650 _bPhilosophy
700 _aVlastos, Gregory (ed)
942 0 0 _01
999 _c26479
_d26479